Personality Development (Record no. 88976)
[ view plain ]
| 000 -LEADER | |
|---|---|
| fixed length control field | 00540nam a2200205Ia 4500 |
| 005 - DATE AND TIME OF LATEST TRANSACTION | |
| control field | 20251118135457.0 |
| 008 - FIXED-LENGTH DATA ELEMENTS--GENERAL INFORMATION | |
| fixed length control field | 230125s9999 xx 000 0 und d |
| 020 ## - INTERNATIONAL STANDARD BOOK NUMBER | |
| International Standard Book Number | 81-315-0435-2 |
| 041 ## - LANGUAGE CODE | |
| Language code of text/sound track or separate title | eng |
| 082 ## - DEWEY DECIMAL CLASSIFICATION NUMBER | |
| Classification number | 158.1 |
| Item number | WAL/MAS |
| 100 ## - MAIN ENTRY--PERSONAL NAME | |
| Author | Wallace H R |
| 245 ## - TITLE STATEMENT | |
| Title | Personality Development |
| 260 ## - PUBLICATION, DISTRIBUTION, ETC. | |
| Date of publication, distribution, etc. | 2008 |
| Name of publisher, distributor, etc. | Cengage Learning |
| Place of publication, distribution, etc. | New Delhi |
| 300 ## - PHYSICAL DESCRIPTION | |
| Extent | 310p |
| 500 ## - GENERAL NOTE | |
| Keywords | Personality Development, |
| 650 ## - SUBJECT ADDED ENTRY--TOPICAL TERM | |
| Topical term or geographic name entry element | Personality Development |
| 700 ## - ADDED ENTRY--PERSONAL NAME | |
| Personal name | Wallace H R & Masters A |
| 942 ## - ADDED ENTRY ELEMENTS (KOHA) | |
| Koha item type | Books |
| 906 ## - LOCAL DATA ELEMENT F, LDF (RLIN) | |
| b | 64 |
| Withdrawn status | Lost status | Damaged status | Not for loan | Home library | Current library | Date acquired | Vendor | Net Price | Bill number | Total Checkouts | Full call number | Barcode | Date last seen | Date last checked out | Actual Price | Bill Date | Koha item type | Original Barcode |
|---|---|---|---|---|---|---|---|---|---|---|---|---|---|---|---|---|---|---|
| Smt. Hiraben Nanavati Institute of Management & Research for Women | Smt. Hiraben Nanavati Institute of Management & Research for Women | 02/11/2009 | Forward Books | 321.00 | 3153 | 1 | 158.1 WAL/MAS B07902 | HIMR-BK-7902 | 02/05/2023 | 25/04/2023 | 257.00 | 15/10/2009 | Books | B07902 |